"<<A>> hit védelme, a rászorulók gyámolítása"

Bibliographic Details
Main Authors: Mészáros, Péter, 1978- (ain), Kozma, Imre 1940- (Author, uin)
Format: Article
Language:Hungarian
PhysicalDescription:Fotogr.
ISSN:1335-6534
Subjects:

MARC

LEADER 00000nab a2200000 a 4500
001 vtls000844165
003 SK-MaSNL
005 20260319075250.0
008 160405c2003 xo 0 hun
015 |a SNBRB2003/09-23813 
035 |a CLN000195820 
040 |a SNKBUCL  |b slo  |c SNKBUCL  |e AACR2 
041 0 |a hun 
044 |a xo  |c SK 
080 |a 271(439)  |2 1997 
080 |a 362:061.23(439)  |2 1997 
100 1 |a Mészáros, Péter,  |d 1978-  |4 ain  |9 840038 
245 1 0 |a "<<A>> hit védelme, a rászorulók gyámolítása"  |c Mészáros Péter, Kozma Imre 
300 |b Fotogr. 
610 7 |a Maltézska pomoc (občianske združenie)  |z Maďarsko  |2 snkbucl  |9 28944 
655 7 |a články z novín a časopisov  |2 snkbucl  |9 267496 
700 1 |a Kozma, Imre  |d 1940-  |4 aut  |4 uin  |9 857379 
773 0 |x 1335-6534  |t Remény  |g Roč. 14, č. 25 (2003), s. 4 
850 |a Slovenská národná knižnica v Martine 
852 |a SNK  |b KIS3GCP 
958 |a HU 
958 |a RBX 
999 |c 1385821  |d 1387751